| 000 | 00377nam a2200145Ia 4500 | ||
|---|---|---|---|
| 005 | 20251222141954.0 | ||
| 008 | 251222s9999||||xx |||||||||||||| ||spa|| | ||
| 020 | _a8487661599 | ||
| 082 | _a327.09/B18 | ||
| 100 | _aBallesteros, Ángel | ||
| 245 | 0 | _aDiplomacia y Relaciones Internacionales | |
| 250 | _a3a. ed. | ||
| 264 | _bMinisterio de Asuntos Exteriores | ||
| 942 | _cLIB | ||
| 999 |
_c9779 _d9779 |
||